[Event "IECC P email"]
[Site "IECC email"]
[Date "1998.06.20"]
[Round "?"]
[White "Barrett, Trevor"]
[Black "Heichal, Gideon"]
[Result "1-0"]
[WhiteElo "1668"]
[BlackElo "1867"]
[PlyCount "73"]
[EventDate "1998.??.??"]
[EventType "tourn (corr)"]
[EventRounds "6"]
[SourceTitle "Corr 2008"]
[Source "ChessBase"]
[SourceDate "2008.06.24"]
[SourceVersion "1"]
[SourceVersionDate "2008.06.24"]
[SourceQuality "1"]

1. Nf3 Nf6 2. c4 e6 3. g3 d5 4. Bg2 Be7 5. 0-0 0-0 6. b3 c5 7. Bb2 a6 8. Na3 b6 9. e3 Bb7 10. Rc1 Nc6 11. Nc2 dxc4 12. bxc4 Qd3 13. Nce1 Qd6 14. d4 Rfd8 15. Nd3 Rac8 16. Nf4 Ne4 17. Qc2 Ng5 18. Qe2 cxd4 19. Nxg5 Bxg5 20. Nh5 e5 21. Qg4 Qg6 22. Be4 Qh6 23. f4 Be7 24. exd4 exd4 25. Rcd1 Ne5 26. Bxh7+ Qxh7 27. fxe5 g6 28. Nf6+ Bxf6 29. Rxf6 Rxc4 30. e6 Bd5 31. Qg5 Rc2 32. Rxg6+ Qxg6 33. Qxd8+ Kh7 34. Qxd5 Rxb2 35. exf7 Qc2 36. f8N+ Kg7 37. Ne6+ 1-0